02635nac a22004211i 4500003000900000005001700009008004100026020001800067040004300085082001900128100005800147245024800205246002300453250002100476264004800497300005200545336002600597337002800623338002700651500002600678504005100704650005400755653002400809655001700833700003600850856007700886942001200963999001500975952014600990952013401136952014701270952013201417952012901549952011701678952014401795952012901939952014502068EG-ScBUE20250727091807.0090203s2006 enka f b 001 0 eng d a9780198700722 aEG-ScBUEbengerdacEG-ScBUEdEG-ScBUE04a541.3bATK2221 aAtkins, P. W.q(Peter William),d1940-eauthor.9922310aAtkins' physical chemistry /cPeter Atkins, professor of chemistry, University of Oxford, and fellow of Lincoln College, Oxford, Julio De Paula, professor and dean of the College of Arts and Sciences, Lewis and Clark College, Portland, Oregon.30aPhysical chemistry aEighth edition.  1aOxford : bOxford University Press, c2006. axxx, 1064 pages :bcolor illustrations ;c28 cm 2rdacontentatextbtxt aunmediated2rdamediabn avolumebnc2rdacarrier aIncludes Appendices.  aIncludes bibliographical references and index. 7aChemistry, Physical and theoretical.992242BUEsh cOctober2011bENGCHE vReading book1 aDe Paula, Julio,99225eauthor. 3Online learning resourcesuhttp://www.oxfordtextbooks.co.uk/orc/pchem8e/ cBB2ddc c7955d7955 00102ddc40708AlahramaMAINbMAINc1STd2014-02-08ePurchaseg185.00l1o541.3 ATKp000009719r2025-07-15 00:00:00s2010-09-20v231.25yBB 00102ddc40708unknownaMAINbMAINc1STd2009-02-03ePurchasel1m16o541.3 ATKp000002848r2025-07-15 00:00:00s2010-10-07yBB 00102ddc40708AlahramaMAINbMAINc1STd2009-02-03ePurchaseg331.40h6481l2m5o541.3 ATKp000014544r2025-07-15 00:00:00s2019-09-25yBB 00102ddc40708BaccahaMAINbMAINc1STd2009-11-05ePurchasel7m5o541.3 ATKp000018797r2025-07-15 00:00:00s2011-10-27yBB 00102ddc40708BaccahaMAINbMAINc1STd2009-11-05ePurchasel5o541.3 ATKp000018819r2025-07-15 00:00:00s2010-12-16yNB 00102ddc40708BaccahaMAINbMAINc1STd2011-10-12ePurchasel0o541.3 ATKp000025433r2025-07-15 00:00:00yBB 00102ddc40708BaccahaMAINbMAINc1STd2011-10-12ePurchasel1m5o541.3 ATKp000025434q2022-02-16r2016-09-27 00:00:00s2016-09-27yBB 00102ddc40708BaccahaMAINbMAINc1STd2011-10-12ePurchasel1o541.3 ATKp000025435r2025-07-15 00:00:00s2013-11-11yBB 00102ddc40708BaccahaMAINbMAINc1STd2011-10-12epurchasel3m16o541.3 ATKp000025437r2025-07-15 00:00:00s2019-09-23w2011-10-12yBB